El Celíaco (Registro nro. 1164)
[ vista simple ]
| 000 -LEADER | |
|---|---|
| fixed length control field | 00384nas a22001337a 4500 |
| 008 - CAMPO DE CONTROL RECURSOS CONTINUADOS | |
| fixed length control field | 130222t20009999ag ||||| |||| 00| 0 spa d |
| 245 ## - TITULO | |
| Titulo | El Celíaco |
| 260 ## - PUBLICACION, DISTRIBUCION, ETC. (PIE DE IMPRENTA) | |
| Lugar de publicación, distribución, etc | Neuquén: |
| Nombre de la editorial, distribuidor, etc. | Filial Neuquén de Asistencia al Celíaco de Argentina, |
| Fecha de publicación | 2000 |
| 300 ## - DESCRIPCION FISICA | |
| Extensión | v. : |
| 546 ## - NOTA DE IDIOMA | |
| Nota de lenguaje | español |
| 590 ## - NOTAS LOCALES (RLIN) | |
| Nota local | Existencias: 2000 1(2); 2003 4(6) |
| 650 ## - MATERIA-TERMINO TEMATICO | |
| Término temático | ENFERMEDAD CELIACA |
| 9 (RLIN) | 1895 |
| 942 ## - ADDED ENTRY ELEMENTS (KOHA) | |
| Source of classification or shelving scheme | Dewey Decimal Classification |
| Item type | Continuing Resources |
No hay ítems disponibles.